[Event "Tournoi élite du Barreau de Paris"]
[Site "Paris, France"]
[Date "2021.09.19"]
[Round "10.1"]
[White "Travadon, Loic"]
[Black "Kuhn, Clement"]
[Result "1/2-1/2"]
[TimeControl "90'+30\""]
[WhiteTitle "IM"]
[BlackTitle "FM"]
[WhiteElo "2429"]
[BlackElo "2302"]

1. d4 {[%clk 01:30:56]} {[%emt 00:00:02]} Nf6 {[%clk 01:30:49]} {[%emt
00:00:11]} 2. c4 {[%clk 01:31:13]} {[%emt 00:00:14]} g6 {[%clk 01:30:50]}
{[%emt 00:00:29]} 3. Nc3 {[%clk 01:31:33]} {[%emt 00:00:09]} Bg7 {[%clk
01:31:15]} {[%emt 00:00:04]} 4. e4 {[%clk 01:32:00]} {[%emt 00:00:04]} d6
{[%clk 01:31:43]} {[%emt 00:00:02]} 5. Nf3 {[%clk 01:31:40]} {[%emt 00:00:50]}
O-O {[%clk 01:32:08]} {[%emt 00:00:05]} 6. Be2 {[%clk 01:32:06]} {[%emt
00:00:04]} Nbd7 {[%clk 01:32:34]} {[%emt 00:00:05]} 7. Bg5 {[%clk 01:31:24]}
{[%emt 00:01:10]} e5 {[%clk 01:31:09]} {[%emt 00:01:55]} 8. d5 {[%clk
01:31:38]} {[%emt 00:00:17]} h6 {[%clk 01:30:54]} {[%emt 00:00:44]} 9. Bh4
{[%clk 01:30:57]} {[%emt 00:01:12]} g5 {[%clk 01:27:17]} {[%emt 00:04:07]} 10.
Bg3 {[%clk 01:29:37]} {[%emt 00:01:51]} Nxe4 {[%clk 01:21:41]} {[%emt
00:06:06]} 11. Nxe4 {[%clk 01:29:58]} {[%emt 00:00:08]} f5 {[%clk 01:22:07]}
{[%emt 00:00:04]} 12. Nfd2 {[%clk 01:28:54]} {[%emt 00:01:33]} fxe4 {[%clk
01:21:48]} {[%emt 00:00:49]} 13. Nxe4 {[%clk 01:29:22]} {[%emt 00:00:02]} Nf6
{[%clk 01:22:00]} {[%emt 00:00:18]} 14. Bd3 {[%clk 01:29:46]} {[%emt 00:00:06]}
Nxe4 {[%clk 01:18:51]} {[%emt 00:03:39]} 15. Bxe4 {[%clk 01:30:12]} {[%emt
00:00:03]} Bf5 {[%clk 01:19:15]} {[%emt 00:00:06]} 16. Qd3 {[%clk 01:30:28]}
{[%emt 00:00:14]} Qf6 {[%clk 01:19:41]} {[%emt 00:00:04]} 17. f3 {[%clk
01:29:47]} {[%emt 00:01:12]} a5 {[%clk 01:15:11]} {[%emt 00:05:00]} 18. O-O-O
{[%clk 01:29:44]} {[%emt 00:00:33]} Rac8 {[%clk 01:09:56]} {[%emt 00:05:46]} 19.
Rhe1 {[%clk 01:29:57]} {[%emt 00:00:16]} c6 {[%clk 01:00:36]} {[%emt 00:09:50]}
20. dxc6 {[%clk 01:28:33]} {[%emt 00:01:55]} Rxc6 {[%clk 01:00:39]} {[%emt
00:00:27]} 21. Kb1 {[%clk 01:28:48]} {[%emt 00:00:15]} Bxe4 {[%clk 00:59:00]}
{[%emt 00:02:09]} 22. Rxe4 {[%clk 01:29:05]} {[%emt 00:00:13]} Rfc8 {[%clk
00:58:22]} {[%emt 00:01:09]} 23. Be1 {[%clk 01:24:26]} {[%emt 00:05:08]} b6
{[%clk 00:53:56]} {[%emt 00:04:56]} 24. a4 {[%clk 01:24:48]} {[%emt 00:00:08]}
Qg6 {[%clk 00:53:16]} {[%emt 00:01:10]} 25. b3 {[%clk 01:24:54]} {[%emt
00:00:23]} Bf8 {[%clk 00:51:11]} {[%emt 00:02:35]} 26. Bf2 {[%clk 01:23:17]}
{[%emt 00:02:07]} Be7 {[%clk 00:49:26]} {[%emt 00:02:15]} 27. Ka2 {[%clk
01:22:30]} {[%emt 00:01:18]} Kh7 {[%clk 00:49:05]} {[%emt 00:00:50]} 28. Be3
{[%clk 01:21:50]} {[%emt 00:01:10]} Kg7 {[%clk 00:41:40]} {[%emt 00:07:55]} 29.
Qe2 {[%clk 01:20:56]} {[%emt 00:01:24]} Qe6 {[%clk 00:41:23]} {[%emt 00:00:47]}
30. Bc1 {[%clk 01:20:33]} {[%emt 00:00:53]} Bf6 {[%clk 00:41:12]} {[%emt
00:00:41]} 31. Bb2 {[%clk 01:20:28]} {[%emt 00:00:35]} Rc5 {[%clk 00:41:14]}
{[%emt 00:00:28]} 32. Red4 {[%clk 01:19:17]} {[%emt 00:01:41]} R5c6 {[%clk
00:40:39]} {[%emt 00:01:05]} 33. Rd5 {[%clk 01:18:15]} {[%emt 00:01:32]} Rd8
{[%clk 00:39:56]} {[%emt 00:01:14]} 34. Qe4 {[%clk 01:17:22]} {[%emt 00:01:23]}
Rc5 {[%clk 00:38:56]} {[%emt 00:01:30]} 35. R5d2 {[%clk 01:16:29]} {[%emt
00:01:23]} b5 {[%clk 00:37:03]} {[%emt 00:02:23]} 36. Ba3 {[%clk 01:15:41]}
{[%emt 00:01:17]} b4 {[%clk 00:35:47]} {[%emt 00:01:47]} 37. Bc1 {[%clk
01:15:58]} {[%emt 00:00:12]} Be7 {[%clk 00:36:07]} {[%emt 00:00:10]} 38. Rd3
{[%clk 01:15:33]} {[%emt 00:00:55]} d5 {[%clk 00:27:47]} {[%emt 00:08:51]} 39.
Rxd5 {[%clk 01:14:48]} {[%emt 00:01:15]} Rdxd5 {[%clk 00:28:09]} {[%emt
00:00:09]} 40. Rxd5 {[%clk 01:15:12]} {[%emt 00:00:06]} Rxd5 {[%clk 00:28:35]}
{[%emt 00:00:04]} 41. cxd5 {[%clk 01:15:16]} {[%emt 00:00:26]} Qd6 {[%clk
00:29:04]} 42. Be3 {[%clk 01:14:04]} {[%emt 00:01:41]} Bf6 {[%clk 00:29:11]}
{[%emt 00:00:24]} 43. h3 {[%clk 01:14:20]} {[%emt 00:00:14]} h5 {[%clk
00:28:54]} {[%emt 00:00:47]} 44. Qc4 {[%clk 01:14:27]} {[%emt 00:00:23]} e4
{[%clk 00:29:13]} {[%emt 00:00:12]} 45. Bd4 {[%clk 00:49:15]} {[%emt 00:25:41]}
exf3 {[%clk 00:28:56]} {[%emt 00:00:47]} 46. Bxf6+ {[%clk 00:48:20]} {[%emt
00:01:25]} Qxf6 {[%clk 00:29:21]} {[%emt 00:00:05]} 47. gxf3 {[%clk 00:48:40]}
{[%emt 00:00:10]} Qxf3 {[%clk 00:28:52]} {[%emt 00:00:59]} 48. Qd4+ {[%clk
00:48:24]} {[%emt 00:00:46]} Qf6 {[%clk 00:27:39]} {[%emt 00:01:44]} 49. Qd2
{[%clk 00:48:29]} {[%emt 00:00:24]} Kf7 {[%clk 00:26:57]} {[%emt 00:01:11]} 50.
Qe2 {[%clk 00:48:44]} {[%emt 00:00:15]} g4 {[%clk 00:26:38]} {[%emt 00:00:50]}
51. hxg4 {[%clk 00:47:50]} {[%emt 00:01:23]} hxg4 {[%clk 00:27:04]} {[%emt
00:00:04]} 52. Qh2 {[%clk 00:46:42]} {[%emt 00:01:37]} Qd4 {[%clk 00:25:28]}
{[%emt 00:02:07]} 53. Qh7+ {[%clk 00:46:39]} {[%emt 00:00:33]} Kf8 {[%emt
00:00:34]} 1/2-1/2